Advanced Legal Writing and Oral Advocacy: Trials appeals, and moot court (Record no. 163504)

MARC details
000 -LEADER
fixed length control field 00629nam a2200193Ia 4500
003 - CONTROL NUMBER IDENTIFIER
control field OSt
005 - DATE AND TIME OF LATEST TRANSACTION
control field 20260311095455.0
020 ## - INTERNATIONAL STANDARD BOOK NUMBER
International Standard Book Number 978-1-59941-397-6
040 ## - CATALOGING SOURCE
Transcribing agency LC
050 ## - LIBRARY OF CONGRESS CALL NUMBER
Classification number KF 250 .M 87 2009
100 ## - MAIN ENTRY--PERSONAL NAME
Personal name Murray ,Michael D.
245 #0 - TITLE STATEMENT
Title Advanced Legal Writing and Oral Advocacy: Trials appeals, and moot court
260 ## - PUBLICATION, DISTRIBUTION, ETC.
Place of publication, distribution, etc. New York,
Name of publisher, distributor, etc. Thomson Reuters Foudation Press,
Date of publication, distribution, etc. 2009,
300 ## - PHYSICAL DESCRIPTION
Extent XVi, 562 p, ill
500 ## - GENERAL NOTE
General note Includes index
650 ## - SUBJECT ADDED ENTRY--TOPICAL TERM
Topical term or geographic name entry element Legal composition, Oral pleading-United States, Motions (Law)-United States, Legal briefs-United States
700 ## - ADDED ENTRY--PERSONAL NAME
Personal name Desanctis Christy Hallam
942 ## - ADDED ENTRY ELEMENTS (KOHA)
Koha item type Long Loan Book
Source of classification or shelving scheme Library of Congress Classification
Holdings
Withdrawn status Lost status Source of classification or shelving scheme Damaged status Not for loan Collection Home library Current library Date acquired Inventory number Total checkouts Full call number Barcode Date last seen Copy number Price effective from Koha item type
    Library of Congress Classification     Law Kisii University Library Kisii University Library 09/15/2023 31191   KF 250 .M87 2009 023871 09/15/2023 2 09/15/2023 Long Loan Book
    Library of Congress Classification     Law Kisii University Library Kisii University Library 11/27/2023 31190   KF 250 .M87 2009 023872 11/27/2023 1 11/27/2023 Long Loan Book
    Library of Congress Classification     Law Kisii University Library Kisii University Library 11/27/2023 31194   KF 250 .M87 2009 023869 11/27/2023 5 11/27/2023 Long Loan Book
    Library of Congress Classification     Law Kisii University Library Kisii University Library 11/27/2023 31193   KF 250 .M87 2009 023868 11/27/2023 4 11/27/2023 Long Loan Book
    Library of Congress Classification     Law Kisii University Library Kisii University Library 11/27/2023 31192   KF 250 .M87 2009 023870 11/27/2023 3 11/27/2023 Long Loan Book